000
00260nam a2200109Ia 4500
008
190216s9999||||xx |||||||||||||| ||und||
100
_a
"Khanna Bs, Pandey Im&Amp; Ahuja Gk"
245
0
_a
Practical Costing
260
_b
Null
_c
1978
300
_a
625p
942
_c
BK
999
_c
4970
_d
4970